Hard times

Kaydedildi:
Detaylı Bibliyografya
Yazar: DICKENS, Charles
Materyal Türü: Kitap
Dil:İngilizce
Baskı/Yayın Bilgisi: Bantam Dell 1981
Etiketler: Etiketle
Etiket eklenmemiş, İlk siz ekleyin!

MARC

LEADER 00000nam a22000007a 4500
008 210125b ||||| |||| 00| 0 eng d
020 |a 0-553-21016-5 
100 |a DICKENS, Charles 
245 |a Hard times  |c Charles Dickens, introduction by Robert Donald Spector:  |g 291p. 
260 |b Bantam Dell  |c 1981  |h New York:   |i 681726  |l PR4560 .D55 
942 |a lcc  |c BK  |e Ogunmilade F.T.  |f 25/1/2021 
952 |0 0  |1 0  |2 lcc  |4 0  |6 PR4560 D55  |7 0  |9 1653  |a HOL  |b HOL  |c LP  |d 2021-01-25  |l 0  |o PR4560.D55   |p 2021-0439  |r 2021-01-25 00:00:00  |w 2021-01-25  |y BK 
999 |c 876  |d 876